[Event "Romanian-ch Women 2022"]
[Site "Eforie Nord"]
[Date "2022.02.27"]
[Round "9.11"]
[White "Schiopu, Andreea-Alexandra"]
[Black "Anghel, Maria"]
[Result "0-1"]
[WhiteElo "1733"]
[BlackElo "1834"]
[Annotator "NA"]
[PlyCount "98"]
[EventDate "2022.02.20"]
[EventType "swiss"]
[EventCountry "ROU"]
[SourceTitle "playchess.com"]
[Source "ChessBase"]
[SourceQuality "1"]
[TimeControl "40/5400+30:900+30"]

1. Nf3 {[%emt 0:00:04]} d5 {[%emt 0:00:07]} 2. d4 {[%emt 0:00:11]} Nf6 {[%emt 0:00:07]} 3. g3 {[%emt 0:00:28]} c6 {[%emt 0:00:13]} 4. c4 {[%emt 0:02:43]} Bg4 {[%emt 0:00:23]} 5. Bg2 {[%emt 0:02:06]} e6 {[%emt 0:01:01]} 6. Qb3 {[%emt 0:04:01]} Qb6 {[%emt 0:00:34]} 7. c5 {[%emt 0:00:51]} Qa6 {[%emt 0:01:34]} 8. Qd1 {[%emt 0:10:10]} b6 {[%emt 0:09:07]} 9. b4 {[%emt 0:04:29]} Nbd7 {[%emt 0:05:05]} 10. O-O {[%emt 0:05:57]} Be7 {[%emt 0:15:19]} 11. Re1 {[%emt 0:11:52]} O-O {[%emt 0:06:28]} 12. Nbd2 {[%emt 0:04:35]} Qb7 {[%emt 0:10:33]} 13. Qb3 {[%emt 0:10:33]} Rfb8 {[%emt 0:04:52]} 14. h3 {[%emt 0:04:39]} Bxf3 {[%emt 0:04:19]} 15. Bxf3 {[%emt 0:00:51]} a5 {[%emt 0:02:08]} 16. bxa5 {[%emt 0:17:28]} bxc5 {[%emt 0:01:43]} 17. Ba3 {[%emt 0:03:02]} Rxa5 {[%emt 0:07:32]} 18. Qxb7 {[%emt 0:03:53]} Rxb7 {[%emt 0:00:10]} 19. Bxc5 {[%emt 0:00:13]} Bxc5 {[%emt 0:04:36]} 20. dxc5 {[%emt 0:00:07]} Nxc5 {[%emt 0:01:11]} 21. Rec1 {[%emt 0:02:06]} g6 {[%emt 0:03:18]} 22. Rc2 {[%emt 0:01:08]} Rba7 {[%emt 0:04:32]} 23. a3 {[%emt 0:02:56]} Nfd7 {[%emt 0:04:19]} 24. Rc3 {[%emt 0:01:09]} e5 {[%emt 0:00:55]} 25. Rac1 {[%emt 0:02:25]} e4 {[%emt 0:02:43]} 26. Bg2 {[%emt 0:00:31]} Rxa3 {[%emt 0:03:00]} 27. Rxc5 {[%emt 0:00:31]} Nxc5 {[%emt 0:00:05]} 28. Rxc5 {[%emt 0:00:02]} Ra2 {[%emt 0:00:37]} 29. Nxe4 {[%emt 0:03:36]} dxe4 {[%emt 0:00:37]} 30. Bxe4 {[%emt 0:00:04]} Rxe2 {[%emt 0:00:38]} 31. Bxc6 {[%emt 0:01:12]} Ra1+ {[%emt 0:00:29]} 32. Kg2 {[%emt 0:00:22]} Raa2 {[%emt 0:00:14]} 33. Bd5 {[%emt 0:00:32]} Rxf2+ {[%emt 0:00:34]} 34. Kg1 {[%emt 0:00:04]} Rfc2 {[%emt 0:01:34]} 35. Rxc2 {[%emt 0:01:32]} Rxc2 {[%emt 0:00:08]} 36. Be4 {[%emt 0:00:21]} Re2 {[%emt 0:00:57]} 37. Bf3 {[%emt 0:00:07]} Rb2 {[%emt 0:00:22]} 38. Kf1 {[%emt 0:00:20]} f5 {[%emt 0:00:53]} 39. Be2 {[%emt 0:00:36]} Kg7 {[%emt 0:01:08]} 40. Kf2 {[%emt 0:00:00]} g5 {[%emt 0:00:00]} 41. Kf3 {[%emt 0:00:18]} Kf6 {[%emt 0:02:13]} 42. Bc4 {[%emt 0:00:47]} g4+ {[%emt 0:01:09]} 43. hxg4 {[%emt 0:00:21]} fxg4+ {[%emt 0:00:07]} 44. Ke3 {[%emt 0:00:16]} Kg5 {[%emt 0:00:33]} 45. Be2 {[%emt 0:00:21]} h5 {[%emt 0:00:51]} 46. Kf2 {[%emt 0:00:39]} h4 {[%emt 0:00:35]} 47. gxh4+ {[%emt 0:00:17]} Kxh4 {[%emt 0:00:13]} 48. Kf1 {[%emt 0:00:07]} Kg3 {[%emt 0:01:06]} 49. Bc4 {[%emt 0:00:21]} Kh2 {[%emt 0:00:33]} 0-1

[Event "Romanian-ch Women 2022"]
[Site "Eforie Nord"]
[Date "2022.02.27"]
[Round "9.12"]
[White "Pitigoi, Sabina-Andreea"]
[Black "Pirvan, Maria"]
[Result "1/2-1/2"]
[WhiteElo "1766"]
[BlackElo "1627"]
[Annotator "NA"]
[PlyCount "95"]
[EventDate "2022.02.20"]
[EventType "swiss"]
[EventCountry "ROU"]
[SourceTitle "playchess.com"]
[Source "ChessBase"]
[SourceQuality "1"]
[TimeControl "40/5400+30:900+30"]

1. c4 {[%emt 0:00:02]} c5 {[%emt 0:00:53]} 2. Nc3 {[%emt 0:00:06]} e6 {[%emt 0:00:09]} 3. Nf3 {[%emt 0:00:34]} d5 {[%emt 0:01:00]} 4. cxd5 {[%emt 0:00:25]} exd5 {[%emt 0:00:06]} 5. d4 {[%emt 0:00:04]} Nc6 {[%emt 0:01:03]} 6. e3 {[%emt 0:01:13]} Nf6 {[%emt 0:00:20]} 7. Be2 {[%emt 0:01:43]} Be7 {[%emt 0:01:04]} 8. dxc5 {[%emt 0:00:31]} Bxc5 {[%emt 0:00:11]} 9. O-O {[%emt 0:00:15]} O-O {[%emt 0:00:19]} 10. a3 {[%emt 0:02:34]} a5 {[%emt 0:03:47]} 11. Nb5 {[%emt 0:05:31]} Bg4 {[%emt 0:07:18]} 12. Nbd4 {[%emt 0:02:34]} Nxd4 {[%emt 0:07:48]} 13. Nxd4 {[%emt 0:00:46]} Bxe2 {[%emt 0:06:37]} 14. Nxe2 {[%emt 0:00:18]} Qd6 {[%emt 0:04:44]} 15. b3 {[%emt 0:02:15]} Rfd8 {[%emt 0:09:14]} 16. Bb2 {[%emt 0:00:23]} Ng4 {[%emt 0:03:44]} 17. Ng3 {[%emt 0:01:13]} Qg6 {[%emt 0:09:06]} 18. Bd4 {[%emt 0:03:10]} Bd6 {[%emt 0:03:51]} 19. Qf3 {[%emt 0:02:21]} Be5 {[%emt 0:04:09]} 20. Rfd1 {[%emt 0:03:25]} Bxd4 {[%emt 0:12:00]} 21. Rxd4 {[%emt 0:00:08]} Ne5 {[%emt 0:00:17]} 22. Qf4 {[%emt 0:09:01]} Nc6 {[%emt 0:04:27]} 23. Rd2 {[%emt 0:00:26]} f6 {[%emt 0:01:47]} 24. Rad1 {[%emt 0:01:12]} Qf7 {[%emt 0:00:26]} 25. Qf3 {[%emt 0:03:43]} Ne5 {[%emt 0:01:10]} 26. Qe2 {[%emt 0:00:40]} Qe7 {[%emt 0:02:13]} 27. Qb5 {[%emt 0:04:57]} Qxa3 {[%emt 0:03:48]} 28. Rxd5 {[%emt 0:00:08]} Nf7 {[%emt 0:02:13]} 29. Qxb7 {[%emt 0:09:11]} Rdb8 {[%emt 0:00:39]} 30. Qc6 {[%emt 0:06:23]} Qxb3 {[%emt 0:02:31]} 31. R5d3 {[%emt 0:02:45]} Qb4 {[%emt 0:01:11]} 32. Rd7 {[%emt 0:01:59]} Qf8 {[%emt 0:03:37]} 33. Qe6 {[%emt 0:03:14]} a4 {[%emt 0:01:32]} 34. Nf5 {[%emt 0:00:22]} a3 {[%emt 0:02:22]} 35. Nd6 {[%emt 0:09:09]} a2 {[%emt 0:01:27]} 36. Rxf7 {[%emt 0:01:00]} Qxd6 {[%emt 0:00:33]} 37. Rf8+ {[%emt 0:06:36]} Kxf8 {[%emt 0:00:05]} 38. Qxd6+ {[%emt 0:00:03]} Kg8 {[%emt 0:00:08]} 39. Qd5+ {[%emt 0:00:13]} Kh8 {[%emt 0:00:33]} 40. h3 {[%emt 0:00:00]} a1=Q {[%emt 0:00:00]} 41. Rxa1 {[%emt 0:00:50]} Rxa1+ {[%emt 0:00:52]} 42. Kh2 {[%emt 0:00:06]} Rab1 {[%emt 0:01:39]} 43. f4 {[%emt 0:01:17]} R1b4 {[%emt 0:10:50]} 44. e4 {[%emt 0:01:18]} Re8 {[%emt 0:00:31]} 45. e5 {[%emt 0:00:40]} fxe5 {[%emt 0:01:22]} 46. fxe5 {[%emt 0:00:10]} Rb6 {[%emt 0:00:21]} 47. Qf7 {[%emt 0:00:37]} Rbe6 {[%emt 0:00:20]} 48. Qf4 {[%emt 0:03:42]} 1/2-1/2